The betweenness of place: towards a geography of modernity
Saved in:
| Hovedforfatter: | |
|---|---|
| Format: | Bog |
| Sprog: | engelsk |
| Udgivet: |
Baltimore
The Johns Hopkins University Press
1991
|
| Udgivelse: | 1a. ed |
| Serier: | Geography. Environmental Studies
|
| Fag: | |
| Tags: |
Tilføj Tag
Ingen Tags, Vær først til at tagge denne postø!
|
MARC
| LEADER | 00000cam a2200000 a 4500 | ||
|---|---|---|---|
| 001 | UCD5860 | ||
| 003 | CL-VaPUC | ||
| 008 | 161028e19910000us |||||||||||||||||eng|d | ||
| 020 | |a 080184083X | ||
| 082 | 0 | 4 | |a 307.76 |b ENT |2 21 |
| 100 | 0 | |a Entrikin, J. Nicholas |e author |9 589653 | |
| 245 | 1 | 4 | |a The betweenness of place: towards a geography of modernity |
| 250 | |a 1a. ed | ||
| 300 | |a 196 p | ||
| 942 | |c BK | ||
| 945 | |d 20161028 10:18:00 |a arojas | ||
| 260 | |a Baltimore |b The Johns Hopkins University Press |c 1991 | ||
| 650 | 0 | |a Geografía urbana |9 267904 | |
| 650 | 7 | |a LOCALIZACION |2 CL-VaPUC |9 589654 | |
| 583 | |a last modification |c 20161028 10:18:00 |k Rodrigo Vera | ||
| 490 | 0 | |a Geography. Environmental Studies | |
| 999 | |c 366400 |d 366398 | ||
| 952 | |0 0 |1 0 |3 erb |4 0 |6 307_760000000000000_ENT_1991 |7 0 |8 A |9 480624 |a BIBING |b BIBING |i 5344786 |l 1 |o 307.76 ENT 1991 |p 5344786 |r 2025-01-20 |s 2023-06-27 |w 2019-11-24 |y BK |z Catalogado en:20161028 |k GEO | ||